000 01301 a2200229 4500
001 3751
005 20260407155430.0
008 260407a2009 arg spa d
003 AR-UNSa-BCEJYS
040 _aAR-UNSa-BCEJYS
_bspa
_cAR-UNSa-BCEJYS
080 _a330.101.541
_xMacroeconomía
245 1 0 _aMacroeconomía
250 _a10a. ed.
264 1 _aMéxico :
_bMcGraw-Hill
_c2009
300 _a659 p.
505 _a1. Introducción 2. Contabilidad del ingreso nacional 3. Crecimiento y acumulación 4. Crecimiento y política 5. Oferta y demanda agregadas 6. Oferta agregada: salarios, precios y desempleo 7. Anatomía de la inflación y el desempleo 8. Introducción sobre política 9. Ingreso y gasto 10. Dinero, interés e ingreso 11. Política monetaria y fiscal 12. Vínculos internacionales 13. Consumo y ahorro 14. Gasto en inversión 15. La demanda de dinero 16. Reserva Federal, dinero y crédito 17. Políticas públicas 18. Mercados financieros y precios de los activos 19. Grandes acontecimientos: la economía de la depresión, hiperinflación y déficit 20. Ajustes e interdependencias internacionales 21. Temas avanzados
942 _cBK
590 _aniveau_biblio:m niveau_hierar:0
100 1 _aDornbusch, Rudiger
700 1 _aFischer, Stanley
700 1 _aStartz, Richard
999 _c348
_d348